00683cam a22002297a 4500003000500000005001700005008004100022010001000063011001000073035001000083040000900093100002500102245004700127260007400174300002100248490003900269650001300308650001400321700001900335710006000354830003900414CHAP20220329135558.0971013s1984 r 00010 d a38799 a39771 a43896 cCHAP00aPeña H., Salvador.13aEl molino de nixtamal (electro-motorizado) aVeracruz, Ver. :bINIA. Campo Agrícola Experimental Cotaxtla,c1984 aHoja desplegable 0aINIA. Desplegable informativav; 314aMolinos.14aNixtamal.0 aSims, Brian G.0 aINIA. México. Campo Agrícola Experimental Cotaxtla.0 aINIA. Desplegable informativav; 3